00346nam a2200133Ia 4500003000400000008004100004020002400045040000800069100001900077245004800096260004800144300000800192365001200200LDD181029s9999 xx 000 0 und d a8189304003c1995.00 cLDD aSaklani, P. S. 0aHimalayabgeological aspectscP. S. Saklani aDelhibSatish Serial Publishing Housec2005 a2v. b1995.00